Countries of the World - 90 second sprint - Statistics

General Stats
  • This quiz has been taken 101 times
    26 since last reset
  • The average score is 42 of 196
Answers on the Map
Answers color-coded by a green-red scale on the quiz's map according to % correct below.
 
Answer Stats
Country % Correct
Canada
100%
Russia
100%
United States
100%
Brazil
88%
India
88%
Italy
88%
Mexico
88%
Peru
88%
Spain
88%
United Kingdom
88%
China
75%
France
75%
Greece
75%
Japan
75%
Turkey
75%
Australia
63%
Democratic Republic of the Congo
63%
Ethiopia
63%
Germany
63%
Iran
63%
Norway
63%
Oman
63%
Poland
63%
Yemen
63%
Angola
50%
Argentina
50%
Chad
50%
Chile
50%
Denmark
50%
Finland
50%
Iraq
50%
Mali
50%
Niger
50%
Nigeria
50%
North Korea
50%
Portugal
50%
Republic of the Congo
50%
Sudan
50%
United Arab Emirates
50%
Algeria
38%
Bolivia
38%
Colombia
38%
Ireland
38%
Saudi Arabia
38%
South Africa
38%
South Korea
38%
South Sudan
38%
Sweden
38%
Thailand
38%
Ukraine
38%
Uruguay
38%
Andorra
25%
Belarus
25%
Belgium
25%
Benin
25%
Cuba
25%
Dominican Republic
25%
Ecuador
25%
Egypt
25%
Ghana
25%
Haiti
25%
Iceland
25%
Indonesia
25%
Latvia
25%
Libya
25%
Madagascar
25%
Malta
25%
Mongolia
25%
Morocco
25%
New Zealand
25%
Papua New Guinea
25%
Paraguay
25%
Serbia
25%
Slovakia
25%
Togo
25%
Vietnam
25%
Albania
13%
Antigua and Barbuda
13%
Austria
13%
Bangladesh
13%
Cameroon
13%
Central African Republic
13%
Cyprus
13%
Czech Republic
13%
Eritrea
13%
Estonia
13%
Eswatini
13%
Gabon
13%
Guinea
13%
Honduras
13%
Hungary
13%
Israel
13%
Jordan
13%
Kazakhstan
13%
Kuwait
13%
Laos
13%
Lebanon
13%
Lithuania
13%
Malaysia
13%
Maldives
13%
Mauritania
13%
Mauritius
13%
Moldova
13%
Monaco
13%
Myanmar
13%
Namibia
13%
Netherlands
13%
Panama
13%
Qatar
13%
Romania
13%
Slovenia
13%
Somalia
13%
Sri Lanka
13%
St Kitts and Nevis
13%
St Vincent and the Grenadines
13%
Switzerland
13%
Syria
13%
The Bahamas
13%
Tunisia
13%
Afghanistan
0%
Armenia
0%
Azerbaijan
0%
Bahrain
0%
Barbados
0%
Belize
0%
Bhutan
0%
Bosnia and Herzgovina
0%
Botswana
0%
Brunei
0%
Bulgaria
0%
Burkina Faso
0%
Burundi
0%
Cambodia
0%
Cape Verde
0%
Comoros
0%
Costa Rica
0%
Cote D'Ivoire
0%
Croatia
0%
Djibouti
0%
Dominica
0%
East Timor
0%
El Salvador
0%
Equatorial Guinea
0%
Federated States of Micronesia
0%
Fiji
0%
Gambia
0%
Georgia
0%
Grenada
0%
Guatemala
0%
Guinea Bissau
0%
Guyana
0%
Jamaica
0%
Kenya
0%
Kiribati
0%
Kosovo
0%
Kyrgyzstan
0%
Lesotho
0%
Liberia
0%
Liechtenstein
0%
Luxembourg
0%
Malawi
0%
Marshall Islands
0%
Montenegro
0%
Mozambique
0%
Nauru
0%
Nepal
0%
Nicaragua
0%
North Macedonia
0%
Pakistan
0%
Palau
0%
Philippines
0%
Rwanda
0%
Samoa
0%
San Marino
0%
Sao Tome and Principe
0%
Senegal
0%
Seychelles
0%
Sierra Leone
0%
Singapore
0%
Solomon Islands
0%
St Lucia
0%
Suriname
0%
Taiwan
0%
Tajikstan
0%
Tanzania
0%
Tonga
0%
Trinidad and Tobago
0%
Turkmenistan
0%
Tuvalu
0%
Uganda
0%
Uzbekistan
0%
Vanuatu
0%
Vatican City
0%
Venezuela
0%
Zambia
0%
Zimbabwe
0%
No matching quizzes found
Score Distribution
Percent of People with Each Score
Percentile by Number Answered
Your Score History
You have not taken this quiz since the last reset